| 000 | 00499nam a2200157Ia 4500 | ||
|---|---|---|---|
| 008 | 230907s9999||||xx |||||||||||||| ||und|| | ||
| 082 |
_a621.31 _bQAN |
||
| 100 |
_aQandeel Malik (00000276224) _9116712 |
||
| 245 | 2 | _aA Novel Seven-Level Pack U-Cell Converter Based ESTATCOM for Sag Mitigation / | |
| 260 |
_aUSPCAS-E, NUST, _bIslamabad : _c2022 |
||
| 300 | _axiv, 76 p. | ||
| 520 | _aTH-381 | ||
| 650 | _aMS-EEP Thesis MS Thesis | ||
| 700 |
_aDr Hassan Abdullah Khalid _928912 |
||
| 942 |
_cTHE _2ddc |
||
| 999 |
_c602059 _d602059 |
||